Information systems modelling. ISM 01 : Proceedings of the conference. Hradec nad Moravicí, Czech Republic. 9.- 11. May 2001

Na minha lista:
Detalhes bibliográficos
Outros Autores: Zendulka, Jaroslav (Compiler)
Formato: Livro
Idioma:inglês
Publicado em: Ostrava : MARQ, 2001
Assuntos:
Tags: Adicionar Tag
Sem tags, seja o primeiro a adicionar uma tag!

MARC

LEADER 00000nam a22000003a 4500
001 stu57854
005 20150617225625.7
008 010514s2001----xr------------------eng-d
020 |a 80-85988-51-8 
040 |a STU  |b slo 
041 0 |a eng 
044 |a xr 
080 |a 519.876.5 
080 |a 519.6 
080 |a 681.5.01 
080 |a 061.3(08) 
084 |a C1220  |2 INS 
084 |a C5460  |2 INS 
084 |a C6185  |2 INS  |7 stu_us_auth*stu6249 
084 |a C7410  |2 INS 
084 |a C7420  |2 INS 
100 1 |a Zendulka, Jaroslav  |4 com 
245 1 |a Information systems modelling. ISM 01 :  |b Proceedings of the conference. Hradec nad Moravicí, Czech Republic. 9.- 11. May 2001 
260 |a Ostrava :  |b MARQ,  |c 2001 
300 |a 211 s 
650 7 |a modelovanie systémov  |2 stusub 
650 7 |a simulácia systémov  |2 stusub 
650 7 |a automatizované riadiace systémy  |2 stusub 
650 7 |a ASR  |2 stusub 
650 7 |a AIS  |2 stusub 
650 7 |a automatizované informačné systémy  |2 stusub 
650 7 |a programovanie  |2 stusub 
996 |c I*Z7709  |l I  |s A  |a 24  |w stu57854_0001